| 000 | 00747nam a2200229 i 4500 | ||
|---|---|---|---|
| 001 | 89306 | ||
| 003 | ES-MaACL | ||
| 005 | 20250824215307.0 | ||
| 007 | t| | ||
| 008 | 050110s1982 sp ||||1| spa d | ||
| 020 | _a84-276-0624-9 | ||
| 100 | 0 |
_aLarrea, Juan, _d1895-1980 _970333 |
|
| 245 | 1 | 0 |
_aTorres de Dios : _bpoetas / _cJuan Larrea ; presentación de José-Miguel Ullán. |
| 260 |
_aMadrid : _bEditora Nacional, _c1982. |
||
| 300 |
_a354 p. ; _c18 cm. |
||
| 490 | 1 |
_aLibros de poesía ; _v1 |
|
| 650 | 4 |
_aPoesía- _yS.XX- _xHistoria y crítica. _916156 |
|
| 700 | 0 |
_aUllán, José-Miguel, _d1944- _9111924 |
|
| 830 | 1 | 0 |
_aLibros de poesía (Editora Nacional) _v1 _9181501 |
| 852 |
_aES-MaACL _jL-4603 |
||
| 999 |
_c89306 _d89306 |
||